Szczegóły MARC21

Nauczyciel i uczniowie w dyskursie edukacyjnym : wybrane problemy do zajęć konwersatoryjnych z pedagogiki : praca zbiorowa /

003 -Nazwa inst., której nr kontr. jest w polu 001 [,]
    • @
    • Nazwa instytucji, której n kontrolny jest w polu 001
    • NUKAT
005 -DATA I CZAS OSTATNIEJ MODYFIKACJI [,]
    • @
    • pole kontrolne
    • 20241231105354.0
020 -Międzynarod. znormalizowany nr książki - ISBN [ , ]
    • a
    • Numer ISBN
    • 8386696613 Find
040 -Instytucja sporządzająca opis [ , ]
    • a
    • Instytucja, która sporządziła opis (NP)
    • KR 122/DP
    • c
    • Instytucja, która sporządziła rekord (NP)
    • KR 122/DP
    • d
    • Instytucja, która zmodyfikowała rekord (P)
    • KR 122/MN
    • d
    • Instytucja, która zmodyfikowała rekord (P)
    • KR U/63TgZ
942 -Rodzaj dokumentu [ , ]
    • c
    • Rodzaj dokumentu
    • Książka
245 -Strefa tytułu i oznaczenia odpowiedzialności [0,0]
    • a
    • Tytuł
    • Nauczyciel i uczniowie w dyskursie edukacyjnym : Find
    • b
    • Ciąg dalszy tytułu (NP)
    • wybrane problemy do zajęć konwersatoryjnych z pedagogiki : praca zbiorowa / Find
    • c
    • Pozostałe elementy strefy tytułu i oznaczenia odpowiedzialności (NP)
    • pod red. Genowefy Koć-Seniuch i Andrzeja Cichockiego.
260 -Strefa adresu wydawniczego [ , ]
    • a
    • Miejsce wydania (P)
    • Białystok :
    • b
    • Nazwa wydawcy (P)
    • Trans Humana,
    • c
    • Data wydania (P)
    • 2000.
300 -Strefa opisu fizycznego [ , ]
    • a
    • Określenie formy książki i/lub objętość (NP)
    • 359 s. ;
    • c
    • Format (NP)
    • 21 cm.
336 -Typ zawartości [ , ]
    • a
    • Termin opisujący typ zawartości
    • Tekst
    • b
    • Kod określający zawartość
    • txt
    • 2
    • Źródło (terminu i kodu)
    • rdacontent
337 -Typ mediów [ , ]
    • a
    • Tryb odtwarzania
    • Bez urządzenia pośredniczącego
    • b
    • Kod typu mediów
    • n
    • 2
    • Źródło (terminu i kodu)
    • rdamedia
338 -Typ/rodzaj nośnika [ , ]
    • a
    • Hasło opisujące typ nośnika
    • Wolumin
    • b
    • Kod typu nośnika
    • nc
    • 2
    • Źródło (terminu i kodu)
    • rdacarrier
504 -Uwaga dot. bibliogr. załącznikowej [ , ]
    • a
    • Uwaga dot. bibliografii załącznikowej
    • Bibliogr. przy rozdz.
080 -Uniwersalna Klasyfikacja Dziesiętna [ , ]
    • a
    • Symbol klasyfikacji
    • 37.018.1(075.8)
080 -Uniwersalna Klasyfikacja Dziesiętna [ , ]
    • a
    • Symbol klasyfikacji
    • :371.13/.14(075.8)
080 -Uniwersalna Klasyfikacja Dziesiętna [ , ]
    • a
    • Symbol klasyfikacji
    • :371.213(075.8)
650 -Hasło przedmiotowe [ ,7]
    • a
    • Hasło przedmiotowe
    • Nauczanie.
    • 2
    • Źródło terminu
    • kaba
    • 9
    • KHW
    • 120666
650 -Hasło przedmiotowe [ ,7]
    • a
    • Hasło przedmiotowe
    • Wychowanie w rodzinie.
    • 2
    • Źródło terminu
    • kaba
    • 9
    • KHW
    • 136564
650 -Hasło przedmiotowe [ ,7]
    • a
    • Hasło przedmiotowe
    • Nauczyciele.
    • 2
    • Źródło terminu
    • kaba
    • 9
    • KHW
    • 120712
650 -Hasło przedmiotowe [ ,7]
    • a
    • Hasło przedmiotowe
    • Uczniowie.
    • 2
    • Źródło terminu
    • kaba
    • 9
    • KHW
    • 134329
980 -Symbol UKD [ , ]
    • a
    • UKD
    • 37.018.1:371.13/.14:371.213](075.8)
700 -Hasło dodatkowe - nazwa osobowa [1, ]
    • a
    • Nazwa osobowa (NP)
    • Koć-Seniuch, Genowefa. Find
    • e
    • Określenie rodzaju współpracy
    • Red.
    • 9
    • KHW
    • 521662
700 -Hasło dodatkowe - nazwa osobowa [1, ]
    • a
    • Nazwa osobowa (NP)
    • Cichocki, Andrzej Find
    • c
    • Dopowiedzenie inne niż daty biograficzne (NP)
    • (pedagogika).
    • e
    • Określenie rodzaju współpracy
    • Red.
    • 9
    • KHW
    • 703273
710 -Hasło dodatkowe - nazwa ciała zbiorowego [2, ]
    • a
    • Nazwa ciała zbiorowego lub nazwa geograficzna jako pierwszy element (NP)
    • Trans Humana Wydawnictwo Uniwersyteckie (Białystok).
    • 4
    • Kod relacji
    • pbl
    • 9
    • KHW
    • 62688
920 -ISBN [ , ]
    • a
    • ISBN
    • 83-86696-61-3 Find
Numer inwentarzowy Status udost. Lokalizacja Data inwentaryzacji
Pd.14616-3BG2002-02-07
Pd.146151BG2002-02-07
H.377051BNS2024-05-13